Statistiques concernant Grand prix de Belgique de Formule 1 - Vainqueur

Cliquez ici pour prendre le quiz!

Statistiques générales

  • Ce quiz a été pris 239 fois
    (62 depuis la dernière actualisation)
  • Le résultat moyen est 85 sur 136

Statistiques - réponses

HintPilotes% Correct
2010 | 2015 | 2017Lewis Hamilton
100%
2020Lewis hamilton
100%
2021 | 2022Max Verstappen
100%
1985 | 1988 | 1989 | +2 othersAyrton Senna
94%
1992 | 1995 | 1996 | +3 othersMichael Schumacher
94%
2011 | 2013Sebastian Vettel
94%
2018sebastian Vettel
94%
2019Charles Leclerc
92%
1983 | 1987Alain Prost
90%
Ferrari
80%
Mclaren Mercedes
80%
2016Nico Rosberg
80%
Red Bull Racing Honda
80%
Red Bull Racing Renault
80%
Mercedes
78%
Mercedes-Benz
78%
2004 | 2005 | 2007 | 2009Kimi Räikkönen
76%
McLaren Honda
76%
Williams Renault
76%
1968Bruce McLaren
75%
McLaren Ford
75%
Lotus Renault
73%
Mclaren Tag
73%
Williams Ford
73%
Williams Honda
73%
Benetton Renault
69%
2000Mika Häkkinen
69%
1975 | 1976Niki Lauda
69%
1950 | 1954 | 1955Juan Manuel Fangio
67%
1993 | 1994 | 1998Damon Hill
65%
1961Phil Hill
65%
2008Felipe Massa
63%
2014Daniel Ricciardo
61%
2012Jenson Button
61%
Benetton Ford
55%
Renault
55%
1999David Coulthard
49%
Lotus Ford
49%
1952 | 1953Alberto Ascari
47%
1972 | 1974Emerson Fittipaldi
43%
1986Nigel Mansell
43%
1951Giuseppe Farina
41%
1973Jackie Stewart
41%
Lotus Climax
41%
Alfa Romeo
35%
Jordan Mugen Honda
35%
1979Jody Scheckter
33%
1978Mario Andretti
33%
1960Jack Brabham
29%
1962 | 1963 | 1964 | 1965Jim Clark
29%
Ligier Ford
25%
Tyrrel Ford
24%
1966John Surtees
20%
Cooper climax
14%
Maserati
14%
1958Tony Brooks
14%
BRM
12%
1980Didier Pironi
10%
Red Bull Racing Honda
10%
1981Carlos Reutemann
8%
2023Max Verstappen
8%
Vanwall
8%
1982John Watson
6%
1984Michele Alboreto
6%
1967Dan Gurney
4%
1970Pedro Rodríguez
4%
1956Peter Collins
4%
Eagle Weslake
0%
1977Gunnar Nilsson
0%

Distribution des résultats

Percentile par nombre de réponses

% des personnes avec chaque résultat

Votre développement - résultats

Vous n’avez pas pris ce quiz depuis la dernière actualisation